| 000 | 00733nam a22002057a 4500 | ||
|---|---|---|---|
| 005 | 20240404125348.0 | ||
| 010 | _aHIN-127204 | ||
| 020 |
_a9789392228742 _c400.00 |
||
| 035 | _aHN-99550 | ||
| 037 | _bDBAD/PUB. | ||
| 082 | _aक | ||
| 100 |
_aकालिया,ममता _964302 |
||
| 245 |
_aदो गज की दूरी/ _cममता कालिया |
||
| 250 | _a1 | ||
| 260 |
_aउत्तर प्रदेश _bसेतु प्रकाशन _c2022 |
||
| 270 |
_aसी-21 सेक्टर-65 नॉएडा _bउत्तर प्रदेश _e201301 |
||
| 300 |
_a167पृ; _c21 सेमी (सजिल्द) |
||
| 700 | _963915 | ||
| 942 |
_adpl _cHN _2ddc _hक _mकालिया |
||
| 999 |
_c201927 _d201927 |
||